=LDR 00000nam 2200000 4500 =001 INLIS000000000032350 =005 20130612134348 =008 ***********************************Ind** =035 ##$$0010-061300000032350 =041 ##$$a Ind =082 ##$$a 448 =090 ##$$a 448, Bez l =100 ##$$a Harry R =245 ##$$a Lagi kencan dalam nahasa perancis, Harry R =260 ##$$a 1993 $b Jakarta =300 ##$$a 90 hlm, ilus, 21 cm =650 ##$$a Bahasa Perancis-Percakapan =850 ##$$a NBPNMAT